[Event "WIM Hillerod 110 years 2020"]
[Site "Hillerod"]
[Date "2020.02.08"]
[Round "1.3"]
[White "Stanford, Sheila Barth"]
[Black "Baliuniene, Margarita"]
[Result "1-0"]
[WhiteElo "2145"]
[BlackElo "1982"]
[PlyCount "137"]
[EventDate "2020.02.??"]
[EventType "tourn"]
[EventRounds "9"]
[EventCountry "DEN"]

1. e4 c5 2. Nf3 g6 3. d4 cxd4 4. Nxd4 Nc6 5. Nc3 Bg7 6. Be3 Nf6 7. Bc4 O-O 8.
Bb3 Ng4 9. Qxg4 Nxd4 10. Qd1 Nxb3 11. axb3 b6 12. Qd5 Qc7 13. Nb5 Qb7 14. c3
Qb8 15. O-O d6 16. Ra3 a6 17. Nd4 Bb7 18. Qc4 b5 19. Qd3 Rd8 20. c4 b4 21. Ra5
e6 22. Rfa1 d5 23. exd5 exd5 24. c5 Qe5 25. Qd2 f5 26. Qxb4 f4 27. Nf3 Qxb2 28.
Bd4 Bxd4 29. Nxd4 Re8 30. c6 Bc8 31. Qc5 Qd2 32. Qxd5+ Be6 33. Nxe6 Qxd5 34.
Rxd5 Rxe6 35. Rc5 Kf7 36. h4 Ke7 37. Ra4 Kd6 38. Rc3 f3 39. c7 Re1+ 40. Kh2
fxg2 41. Kxg2 Rc8 42. Rd4+ Ke7 43. Kg3 Re6 44. Kg4 h6 45. Kg3 Rd6 46. Rdc4 Kd7
47. Rc5 Rf6 48. f3 Rd6 49. R3c4 Rb6 50. Rd5+ Rd6 51. Rxd6+ Kxd6 52. Ra4 Rxc7
53. Rxa6+ Ke7 54. Rxg6 Rc3 55. Rb6 Kf7 56. b4 Kg7 57. b5 Rb3 58. h5 Rb1 59. f4
Rg1+ 60. Kf3 Kh7 61. Rc6 Rb1 62. b6 Kg7 63. Kg4 Rb5 64. Rc7+ Kf6 65. Rh7 Rb1
66. Rxh6+ Kg7 67. Rc6 Rg1+ 68. Kf5 Rb1 69. Ke6 1-0

[Event "WIM Hillerod 110 years 2020"]
[Site "Hillerod"]
[Date "2020.02.09"]
[Round "3.1"]
[White "Stanford, Sheila Barth"]
[Black "Zaritovskaja, Margarita"]
[Result "1/2-1/2"]
[WhiteElo "2145"]
[BlackElo "2022"]
[PlyCount "60"]
[EventDate "2020.02.??"]
[EventType "tourn"]
[EventRounds "9"]
[EventCountry "DEN"]

1. d4 f5 2. g3 Nf6 3. Bg2 g6 4. c4 Bg7 5. Nc3 O-O 6. Nf3 c6 7. O-O d6 8. Qc2
Qc7 9. e4 Nh5 10. exf5 Bxf5 11. Qe2 Na6 12. Bg5 Rae8 13. Rad1 Qd7 14. Qe3 Bg4
15. h3 Bxh3 16. Bh6 Bxg2 17. Kxg2 Qg4 18. Bxg7 Nf4+ 19. Kg1 Kxg7 20. Nh2 Nh3+
21. Kg2 Qf5 22. f4 h5 23. Rde1 Nc7 24. Qe4 Qd7 25. d5 e5 26. dxc6 bxc6 27. fxe5
Rxe5 28. Qd3 Rxe1 29. Rxe1 Ng5 30. Rf1 Qh3+ 1/2-1/2

[Event "WIM Hillerod 110 years 2020"]
[Site "Hillerod"]
[Date "2020.02.09"]
[Round "3.2"]
[White "Nastase, Andreea Cristina"]
[Black "Guindy, Esmat Susanne"]
[Result "0-1"]
[WhiteElo "2091"]
[BlackElo "2143"]
[PlyCount "74"]
[EventDate "2020.02.??"]
[EventType "tourn"]
[EventRounds "9"]
[EventCountry "DEN"]

1. d4 d5 2. c4 e6 3. Nc3 Be7 4. Nf3 Nf6 5. cxd5 exd5 6. Bg5 c6 7. Qc2 g6 8. e3
Bf5 9. Bd3 Bxd3 10. Qxd3 Nbd7 11. O-O O-O 12. Nd2 Nh5 13. Bh6 Ng7 14. f3 f5 15.
e4 dxe4 16. fxe4 Ne5 17. Qe2 Qxd4+ 18. Kh1 fxe4 19. Ndxe4 Qd3 20. Qxd3 Nxd3 21.
b3 Rxf1+ 22. Rxf1 Nf5 23. Bg5 Bxg5 24. Nxg5 Re8 25. Kg1 Ne3 26. Rb1 Re5 27. Nf3
Rc5 28. Nd1 Nxd1 29. Rxd1 Rc1 30. Rxc1 Nxc1 31. Nd2 Nxa2 32. Nc4 b6 33. Ne5 c5
34. Nc6 Nc1 35. Nxa7 Nxb3 36. Kf2 Nd4 37. Ke3 Kf7 0-1

[Event "WIM Hillerod 110 years 2020"]
[Site "Hillerod"]
[Date "2020.02.09"]
[Round "3.3"]
[White "Miturova, Magdalena"]
[Black "Kakulidis, Ellen"]
[Result "1/2-1/2"]
[WhiteElo "2185"]
[BlackElo "2040"]
[PlyCount "43"]
[EventDate "2020.02.??"]
[EventType "tourn"]
[EventRounds "9"]
[EventCountry "DEN"]

1. e4 e5 2. Nf3 Nc6 3. Bb5 Nf6 4. O-O Nxe4 5. d4 Be7 6. dxe5 O-O 7. Qd5 Nc5 8.
Be3 b6 9. Rd1 Bb7 10. Nc3 a6 11. Be2 d6 12. exd6 Bxd6 13. Qh5 Qf6 14. Bxc5 g6
15. Ne4 Qg7 16. Qh4 Bxc5 17. Nxc5 bxc5 18. Qf4 Nb4 19. Qxc7 Bxf3 20. Bxf3 Rac8
21. Qa5 Nxc2 22. Rab1 1/2-1/2

[Event "WIM Hillerod 110 years 2020"]
[Site "Hillerod"]
[Date "2020.02.09"]
[Round "3.4"]
[White "Nilssen, Ellen Fredericia"]
[Black "Baliuniene, Margarita"]
[Result "1/2-1/2"]
[WhiteElo "2065"]
[BlackElo "1982"]
[PlyCount "106"]
[EventDate "2020.02.??"]
[EventType "tourn"]
[EventRounds "9"]
[EventCountry "DEN"]

1. d4 d5 2. Nf3 Nf6 3. c4 e6 4. Nc3 Be7 5. cxd5 exd5 6. Bg5 c6 7. Qc2 Nbd7 8.
e3 Nf8 9. Bd3 Ne6 10. Bh4 g6 11. O-O O-O 12. Rab1 Ng7 13. b4 a6 14. Na4 Nf5 15.
Bg3 Nxg3 16. hxg3 Bd6 17. Nd2 Qe7 18. Nc5 Re8 19. Rfe1 Ne4 20. Ndxe4 dxe4 21.
Nxe4 Bxb4 22. Nf6+ Qxf6 23. Rxb4 Qd6 24. Reb1 Re7 25. Rb6 Ra7 26. Bc4 Bf5 27.
Bd3 Bxd3 28. Qxd3 Qd5 29. Qa3 Rc7 30. Rc1 Ra8 31. Qb2 Qd7 32. d5 Rac8 33. d6
Qxd6 34. Rxb7 c5 35. Rxc7 Qxc7 36. Qc3 Qb6 37. a4 c4 38. Rc2 Qb1+ 39. Rc1 Qa2
40. Qa5 Qb2 41. Rc3 Qb1+ 42. Kh2 Qb7 43. Kg1 Qc6 44. Qb4 Qd5 45. Qb1 Qd2 46.
Qb4 Qd1+ 47. Kh2 Qd5 48. Qb1 a5 49. Qc2 Rc5 50. Kg1 Kg7 51. Kh2 g5 52. g4 Rc6
53. Kg1 Rc5 1/2-1/2

[Event "WIM Hillerod 110 years 2020"]
[Site "Hillerod"]
[Date "2020.02.10"]
[Round "4.1"]
[White "Zaritovskaja, Margarita"]
[Black "Miturova, Magdalena"]
[Result "0-1"]
[WhiteElo "2022"]
[BlackElo "2185"]
[PlyCount "32"]
[EventDate "2020.02.??"]
[EventType "tourn"]
[EventRounds "9"]
[EventCountry "DEN"]

1. e4 e5 2. Nf3 Nc6 3. Bc4 Nf6 4. d3 Be7 5. O-O O-O 6. Re1 d6 7. a4 Kh8 8. a5
a6 9. c3 Ng8 10. Qb3 Qe8 11. Be3 Rb8 12. Nbd2 f5 13. exf5 Bxf5 14. Ne4 Qg6 15.
Nfd2 Nh6 16. Bxh6 Qxh6 0-1

[Event "WIM Hillerod 110 years 2020"]
[Site "Hillerod"]
[Date "2020.02.10"]
[Round "4.2"]
[White "Nastase, Andreea Cristina"]
[Black "Stanford, Sheila Barth"]
[Result "1/2-1/2"]
[WhiteElo "2091"]
[BlackElo "2145"]
[PlyCount "112"]
[EventDate "2020.02.??"]
[EventType "tourn"]
[EventRounds "9"]
[EventCountry "DEN"]

1. d4 Nf6 2. c4 g6 3. Nc3 d5 4. cxd5 Nxd5 5. e4 Nxc3 6. bxc3 Bg7 7. Be3 c5 8.
Nf3 Qa5 9. Qd2 O-O 10. Rc1 Rd8 11. d5 e6 12. c4 Qxd2+ 13. Nxd2 b6 14. Nb1 f5
15. Bd3 Nd7 16. f3 Ne5 17. Be2 fxe4 18. fxe4 Rf8 19. Nd2 Ba6 20. Bf2 Bh6 21.
Bg3 Bf4 22. Bxf4 Rxf4 23. Rf1 Rh4 24. h3 exd5 25. exd5 Re8 26. Kf2 Rd4 27. Rc2
h5 28. Kg1 Kg7 29. Nf3 Nxf3+ 30. Rxf3 Bc8 31. Ra3 Re7 32. Bf1 Rd1 33. Rf2 Bf5
34. Rf4 Kh6 35. Raf3 Kg5 36. Rf2 Ree1 37. Kh2 Rc1 38. R4f3 Red1 39. g3 Ra1 40.
Rf4 Bb1 41. g4 h4 42. Rf7 Rxa2 43. Rxa2 Bxa2 44. Rxa7 Bb1 45. Rf7 Rd2+ 46. Kg1
Be4 47. Rf8 Bd3 48. Bxd3 Rxd3 49. Kg2 Rd4 50. Rb8 Rxc4 51. Rxb6 Rd4 52. Rd6 c4
53. Rc6 Rxd5 54. Rxc4 Rd2+ 55. Kg1 Re2 56. Rb4 Rc2 1/2-1/2

[Event "WIM Hillerod 110 years 2020"]
[Site "Hillerod"]
[Date "2020.02.10"]
[Round "4.3"]
[White "Kakulidis, Ellen"]
[Black "Nilssen, Ellen Fredericia"]
[Result "1/2-1/2"]
[WhiteElo "2040"]
[BlackElo "2065"]
[PlyCount "62"]
[EventDate "2020.02.??"]
[EventType "tourn"]
[EventRounds "9"]
[EventCountry "DEN"]

1. d4 Nf6 2. Nf3 g6 3. Nbd2 c5 4. dxc5 Qa5 5. a3 Qxc5 6. b4 Qc7 7. Bb2 Bg7 8.
c4 O-O 9. g3 a5 10. Bg2 d6 11. O-O axb4 12. axb4 Rxa1 13. Qxa1 Na6 14. Qa3 Bd7
15. Bd4 Rc8 16. Rb1 Bf5 17. Rc1 e5 18. Bb2 Qb6 19. c5 Qxb4 20. cxd6 Qxa3 21.
Bxa3 Rxc1+ 22. Bxc1 Ne8 23. Nh4 Nxd6 24. Nxf5 Nxf5 25. Bxb7 Nc5 26. Ba8 Bh6 27.
Kf1 Bf8 28. Ne4 Nxe4 29. Bxe4 Nd6 30. Bd5 Kg7 31. Bb2 f6 1/2-1/2

[Event "WIM Hillerod 110 years 2020"]
[Site "Hillerod"]
[Date "2020.02.10"]
[Round "4.5"]
[White "Guindy, Esmat Susanne"]
[Black "Kejzar, Petra"]
[Result "1-0"]
[WhiteElo "2143"]
[BlackElo "2080"]
[PlyCount "109"]
[EventDate "2020.02.??"]
[EventType "tourn"]
[EventRounds "9"]
[EventCountry "DEN"]

1. c4 e5 2. g3 d6 3. Nc3 Be6 4. Bg2 c6 5. b3 Be7 6. e4 Na6 7. Nge2 h5 8. h3 h4
9. g4 Bg5 10. d4 Bxc1 11. Rxc1 Qf6 12. Qd2 g5 13. d5 Bd7 14. dxc6 bxc6 15. Rd1
Rh6 16. Na4 Nc7 17. c5 d5 18. Qa5 Rc8 19. Qxa7 Nb5 20. Qa5 d4 21. Nb6 Rc7 22.
a4 Ra7 23. Nxd7 Rxa5 24. Nxf6+ Nxf6 25. axb5 Rxb5 26. Kd2 Nd7 27. Rb1 Nxc5 28.
Nc1 Kd7 29. b4 Rh8 30. Nb3 Ne6 31. Bf1 Rb6 32. Bc4 Nc7 33. Nc5+ Kd6 34. Nd3 f6
35. Ra1 Nb5 36. Bxb5 cxb5 37. Ra7 Re8 38. Nc5 Re7 39. Rha1 Rc7 40. R1a6 Rxa6
41. Rxa6+ Rc6 42. Ra8 Kc7 43. Rf8 Rb6 44. Rf7+ Kc8 45. f3 Rc6 46. Ra7 Rb6 47.
Ra8+ Kc7 48. Re8 Rc6 49. Kd3 Kd6 50. Rb8 Rxc5 51. bxc5+ Kxc5 52. Rf8 Kb4 53.
Rxf6 Ka3 54. Re6 b4 55. Rxe5 1-0

[Event "WIM Hillerod 110 years 2020"]
[Site "Hillerod"]
[Date "2020.02.11"]
[Round "5.1"]
[White "Nilssen, Ellen Fredericia"]
[Black "Zaritovskaja, Margarita"]
[Result "0-1"]
[WhiteElo "2065"]
[BlackElo "2022"]
[PlyCount "138"]
[EventDate "2020.02.??"]
[EventType "tourn"]
[EventRounds "9"]
[EventCountry "DEN"]

1. d4 Nf6 2. Nf3 c5 3. d5 g6 4. Nc3 d6 5. e4 Bg7 6. Bb5+ Nbd7 7. a4 O-O 8. O-O
a6 9. Be2 Rb8 10. Re1 Ne8 11. Bd2 Nc7 12. Qc1 Re8 13. Bh6 Bh8 14. a5 b5 15.
axb6 Rxb6 16. Nd2 Ne5 17. Bf4 Rb8 18. Nb3 Nb5 19. Nd1 Qb6 20. Bxe5 Bxe5 21. Na5
Nd4 22. Bf1 Qa7 23. Ra3 Bd7 24. Ne3 Bg7 25. Qa1 Rxb2 26. c3 Nc2 27. Qxb2 Nxe1
28. Qd2 Nxg2 29. Nxg2 Qc7 30. Ne3 Rb8 31. Rb3 Rxb3 32. Nxb3 Qb6 33. Nc1 Qb1 34.
Bxa6 Qxe4 35. Bf1 f5 36. Ng2 Be5 37. c4 f4 38. Bd3 Qf3 39. Be2 Qh3 40. f3 g5
41. Nd3 Bd4+ 42. Kh1 Bf5 43. Nde1 Bf2 44. Bd3 Bg3 45. Nxf4 Bxf4 46. Qg2 Qh4 47.
Bxf5 Qxe1+ 48. Qg1 Qe2 49. Bg4 Qxc4 50. Qe1 Qc1 51. Qxc1 Bxc1 52. Kg2 Kg7 53.
Bf5 h5 54. Kf2 Kf6 55. Be4 e6 56. Ke2 exd5 57. Bxd5 Ke5 58. Bf7 h4 59. Kd3 d5
60. h3 c4+ 61. Kc3 Ba3 62. Bg8 Kd6 63. Bf7 Kc5 64. Bg8 Bb4+ 65. Kc2 d4 66. Bh7
d3+ 67. Bxd3 cxd3+ 68. Kxd3 Kd5 69. Ke3 Bc5+ 0-1

[Event "WIM Hillerod 110 years 2020"]
[Site "Hillerod"]
[Date "2020.02.11"]
[Round "5.2"]
[White "Miturova, Magdalena"]
[Black "Nastase, Andreea Cristina"]
[Result "1-0"]
[WhiteElo "2185"]
[BlackElo "2091"]
[PlyCount "107"]
[EventDate "2020.02.??"]
[EventType "tourn"]
[EventRounds "9"]
[EventCountry "DEN"]

1. Nf3 d5 2. g3 c5 3. Bg2 Nc6 4. d4 Bg4 5. dxc5 e6 6. a3 Bxc5 7. b4 Be7 8. Bb2
Bf6 9. Bxf6 Nxf6 10. Nbd2 b5 11. O-O O-O 12. Nb3 Bxf3 13. exf3 a5 14. Qe2 Qb6
15. c3 Rac8 16. f4 Rfd8 17. Rfd1 g6 18. Rd3 a4 19. Nc5 Ne7 20. Bh3 Rc6 21. g4
Rxc5 22. bxc5 Qxc5 23. f5 Ne4 24. fxe6 fxe6 25. Bg2 Rf8 26. Rf1 Qc6 27. Bxe4
dxe4 28. Rd4 Rf4 29. c4 bxc4 30. Rxc4 Qd5 31. h3 Rf3 32. Qxe4 Qxe4 33. Rxe4
Rxa3 34. Rxe6 Kf7 35. Ra6 Rxh3 36. Rxa4 h5 37. Re1 Nc6 38. Rc4 Na5 39. Rf4+ Kg7
40. Ra4 Nc6 41. Ra6 Nd8 42. Re7+ Nf7 43. Ree6 Nh8 44. g5 Rf3 45. Rf6 Rxf6 46.
Rxf6 Nf7 47. f4 Nh6 48. Ra6 Ng4 49. Ra7+ Kf8 50. Kg2 Ne3+ 51. Kf3 Nf5 52. Ke4
h4 53. Ke5 Ng7 54. Ra6 1-0

[Event "WIM Hillerod 110 years 2020"]
[Site "Hillerod"]
[Date "2020.02.11"]
[Round "5.3"]
[White "Stanford, Sheila Barth"]
[Black "Guindy, Esmat Susanne"]
[Result "1-0"]
[WhiteElo "2145"]
[BlackElo "2143"]
[PlyCount "101"]
[EventDate "2020.02.??"]
[EventType "tourn"]
[EventRounds "9"]
[EventCountry "DEN"]

1. e4 e6 2. Nf3 d5 3. e5 c5 4. b4 cxb4 5. a3 Qa5 6. d4 Nc6 7. Bd3 Nh6 8. O-O
Nf5 9. Bb2 Be7 10. axb4 Qxb4 11. Ba3 Qb6 12. c3 Bd7 13. g4 Nh6 14. h3 Rc8 15.
Re1 a6 16. Nbd2 O-O 17. Nb3 Bxa3 18. Rxa3 Na7 19. Nc5 Rxc5 20. dxc5 Qxc5 21.
Qa1 f6 22. Ra2 Bb5 23. Qb1 Bxd3 24. Qxd3 Nb5 25. Nd4 Qxc3 26. Qxc3 Nxc3 27. Rc2
Ne4 28. Nxe6 Re8 29. Nc7 Rc8 30. e6 Nd6 31. Rcc1 d4 32. Red1 Kf8 33. Rxd4 Ke7
34. Rcd1 Rxc7 35. Rxd6 Rc4 36. Rb6 Rc7 37. f4 g6 38. Rd7+ Rxd7 39. exd7 Kxd7
40. Rxb7+ Ke6 41. Rb6+ Kf7 42. Rxa6 Kg7 43. Kf2 Nf7 44. Ra7 Kg8 45. Kf3 f5 46.
gxf5 gxf5 47. Ra5 Nh6 48. Kg3 Kg7 49. Kh4 Kg6 50. Ra6+ Kg7 51. Kg5 1-0

[Event "WIM Hillerod 110 years 2020"]
[Site "Hillerod"]
[Date "2020.02.11"]
[Round "5.4"]
[White "Berke, Ana"]
[Black "Kakulidis, Ellen"]
[Result "1/2-1/2"]
[WhiteElo "2154"]
[BlackElo "2040"]
[PlyCount "138"]
[EventDate "2020.02.??"]
[EventType "tourn"]
[EventRounds "9"]
[EventCountry "DEN"]

1. b3 d5 2. Bb2 e6 3. e3 Nf6 4. Nf3 Bd6 5. d4 b6 6. Bd3 Bb7 7. O-O Nbd7 8. Ne5
O-O 9. Nd2 Ne4 10. f3 Nxd2 11. Qxd2 c5 12. Rad1 Rc8 13. c4 cxd4 14. exd4 Qe7
15. Kh1 Nf6 16. Qf4 Ne8 17. Qg4 g6 18. Rde1 Ng7 19. Qh3 Bxe5 20. Rxe5 Qb4 21.
Re2 Ba6 22. Qh6 dxc4 23. bxc4 Bxc4 24. d5 f6 25. Qh4 e5 26. d6 b5 27. d7 Rcd8
28. Rd1 Ne6 29. Bxc4 Qxc4 30. Qxc4 bxc4 31. g3 Rf7 32. f4 Rfxd7 33. Rxd7 Rxd7
34. fxe5 Rd1+ 35. Kg2 fxe5 36. Bxe5 Nd4 37. Bxd4 Rxd4 38. Re8+ Kf7 39. Rc8 Rd2+
40. Kh3 Rxa2 41. Rxc4 h5 42. Rc6 a5 43. Ra6 a4 44. g4 hxg4+ 45. Kxg4 a3 46. Kg3
Ra1 47. Kg2 Kg7 48. h4 Kh6 49. Ra5 Ra2+ 50. Kg3 Ra1 51. Kg2 Kg7 52. Ra6 Kf7 53.
Kh2 a2 54. Kg2 Ke7 55. Kh2 Kd7 56. Kg2 Kc7 57. Kh2 Kb7 58. Ra4 Kb6 59. Ra8 Kc5
60. Kg2 Kb4 61. Rb8+ Kc3 62. Rc8+ Kd4 63. Ra8 Ke4 64. Ra4+ Ke3 65. Ra3+ Kd4 66.
Ra8 Ke4 67. Ra4+ Kd3 68. Ra8 Kc3 69. Rc8+ Kd4 1/2-1/2

[Event "WIM Hillerod 110 years 2020"]
[Site "Hillerod"]
[Date "2020.02.11"]
[Round "5.5"]
[White "Kejzar, Petra"]
[Black "Baliuniene, Margarita"]
[Result "1-0"]
[WhiteElo "2080"]
[BlackElo "1982"]
[PlyCount "62"]
[EventDate "2020.02.??"]
[EventType "tourn"]
[EventRounds "9"]
[EventCountry "DEN"]

1. b3 d5 2. Bb2 c5 3. e3 e6 4. f4 Nf6 5. Nf3 a6 6. Be2 Nc6 7. Ne5 Be7 8. O-O
O-O 9. d3 Qc7 10. Nd2 b5 11. Qe1 Bb7 12. Rf3 Nb4 13. Bd1 c4 14. Bd4 cxd3 15.
cxd3 Rac8 16. Rh3 Nc6 17. Rc1 Qa5 18. b4 Qxb4 19. Bc3 Qa3 20. Bb3 Nxe5 21. fxe5
Nd7 22. Qd1 b4 23. Nb1 Qa5 24. Qh5 h6 25. Rg3 Kh7 26. d4 g6 27. Bc2 Rg8 28. Rf1
Bf6 29. Rh3 Bg5 30. Qxg5 h5 31. Rxh5+ Kg7 1-0

[Event "WIM Hillerod 110 years 2020"]
[Site "Hillerod"]
[Date "2020.02.12"]
[Round "6.1"]
[White "Zaritovskaja, Margarita"]
[Black "Berke, Ana"]
[Result "0-1"]
[WhiteElo "2022"]
[BlackElo "2154"]
[PlyCount "132"]
[EventDate "2020.02.??"]
[EventType "tourn"]
[EventRounds "9"]
[EventCountry "DEN"]

1. e4 c5 2. Nf3 d6 3. d4 cxd4 4. Nxd4 Nf6 5. f3 Nc6 6. Nc3 e5 7. Nb3 Be7 8. Be3
O-O 9. Be2 a5 10. a4 Nb4 11. Nb5 d5 12. c3 Nc6 13. Qc2 Be6 14. Nc5 b6 15. Nxe6
fxe6 16. O-O Rc8 17. Rad1 Bc5 18. Bxc5 bxc5 19. Bc4 Qd7 20. Qe2 Rfd8 21. f4 Qe7
22. Ba2 exf4 23. e5 Ne4 24. c4 Qh4 25. cxd5 Ng3 26. Qe1 Nb4 27. Nd6 Nxa2 28.
Nxc8 Rxc8 29. Rf3 Nf5 30. Qxh4 Nxh4 31. Rxf4 Ng6 32. Re4 exd5 33. Rxd5 Nb4 34.
Rd7 Nc6 35. e6 Rb8 36. Rc7 Nge7 37. Re2 Rb4 38. Rd2 Kf8 39. h3 Rxa4 40. Ra7 g6
41. Ra8+ Kg7 42. Rc2 c4 43. Rf2 Ra1+ 44. Kh2 Re1 45. Raf8 Rxe6 46. R8f7+ Kh6
47. R2f4 Ne5 48. Re4 g5 49. Rf1 N7c6 50. Rfe1 Re7 51. Rd1 Kg7 52. Rd2 Kf6 53.
Rde2 h5 54. R4e3 Ke6 55. b3 cxb3 56. Rxb3 Kd5 57. Ra2 Kc5 58. Rb1 Nc4 59. Rc1
Kb5 60. Rac2 Re4 61. Rf2 Re5 62. Rfc2 Rc5 63. Rb1+ Nb4 64. Rc3 a4 65. Kg1 Rd5
66. Rbc1 Rd4 0-1

[Event "WIM Hillerod 110 years 2020"]
[Site "Hillerod"]
[Date "2020.02.12"]
[Round "6.2"]
[White "Nastase, Andreea Cristina"]
[Black "Nilssen, Ellen Fredericia"]
[Result "1/2-1/2"]
[WhiteElo "2091"]
[BlackElo "2065"]
[PlyCount "61"]
[EventDate "2020.02.??"]
[EventType "tourn"]
[EventRounds "9"]
[EventCountry "DEN"]

1. e4 e6 2. d4 d5 3. Nd2 c5 4. exd5 Qxd5 5. Ngf3 cxd4 6. Bc4 Qd6 7. O-O Nf6 8.
Nb3 Nc6 9. Nbxd4 Nxd4 10. Nxd4 a6 11. Re1 Qc7 12. Bb3 Bd6 13. Nf5 Bxh2+ 14. Kh1
O-O 15. Nxg7 Rd8 16. Qf3 Kxg7 17. Bh6+ Kg6 18. c3 Nh5 19. Bc1 Bf4 20. g4 Ng3+
21. fxg3 Bxc1 22. Raxc1 b6 23. Bc2+ Kg7 24. Be4 Ra7 25. Rc2 Bb7 26. Rh2 Bxe4
27. Qxe4 Qb7 28. Rxh7+ Kg8 29. Qxb7 Rxb7 30. Rh2 Rd3 31. Rg2 1/2-1/2

[Event "WIM Hillerod 110 years 2020"]
[Site "Hillerod"]
[Date "2020.02.12"]
[Round "6.3"]
[White "Stanford, Sheila Barth"]
[Black "Miturova, Magdalena"]
[Result "1-0"]
[WhiteElo "2145"]
[BlackElo "2185"]
[PlyCount "97"]
[EventDate "2020.02.??"]
[EventType "tourn"]
[EventRounds "9"]
[EventCountry "DEN"]

1. e4 e5 2. Nf3 Nc6 3. Bc4 Nf6 4. Ng5 d5 5. exd5 Na5 6. Bb5+ c6 7. dxc6 bxc6 8.
Bd3 Nd5 9. h4 Nf4 10. Bf1 h6 11. Nf3 e4 12. d3 exf3 13. Bxf4 Qf6 14. Qxf3 Qxb2
15. Qe2+ Be6 16. Be5 Qb6 17. Nd2 c5 18. f4 Be7 19. Bxg7 Rg8 20. Bc3 Kf8 21. Rb1
Qc7 22. Be5 Qc6 23. c4 Bf5 24. Rb5 Qa6 25. Ne4 Re8 26. Kf2 Rg6 27. Qd2 Nxc4 28.
dxc4 Bxe4 29. Rh3 Qc6 30. Kg1 Bf5 31. Ra3 a6 32. Rb8 Rxb8 33. Bxb8 Bxh4 34. Kh2
Be7 35. g3 h5 36. Qb2 Kg8 37. Qe5 Qd7 38. Bg2 Be6 39. Rxa6 Qd3 40. Qe1 Qxc4 41.
Ra8 h4 42. f5 Bd5 43. fxg6 Bxa8 44. Qxe7 Bxg2 45. Qd8+ Kg7 46. Be5+ Kxg6 47.
Qf6+ Kh5 48. Qf5+ Kh6 49. g4 1-0

[Event "WIM Hillerod 110 years 2020"]
[Site "Hillerod"]
[Date "2020.02.12"]
[Round "6.4"]
[White "Kakulidis, Ellen"]
[Black "Kejzar, Petra"]
[Result "1-0"]
[WhiteElo "2040"]
[BlackElo "2080"]
[PlyCount "59"]
[EventDate "2020.02.??"]
[EventType "tourn"]
[EventRounds "9"]
[EventCountry "DEN"]

1. d4 Nf6 2. g3 d5 3. Nf3 e6 4. Bg2 b5 5. O-O Bb7 6. a4 b4 7. c4 c5 8. Bg5 dxc4
9. Nbd2 cxd4 10. Nxc4 Bc5 11. Rc1 O-O 12. Nce5 Bb6 13. Qd3 h6 14. Bxf6 Qxf6 15.
Ng5 hxg5 16. Bxb7 Qxe5 17. Bxa8 Nd7 18. Bg2 Nc5 19. Qb5 Rb8 20. a5 a6 21. Qc4
Ba7 22. Rcd1 Qc7 23. Qxd4 Qxa5 24. Qe5 Qb6 25. Qxg5 Na4 26. Rd7 Re8 27. Qf4 Rf8
28. Rb7 Qd4 29. Qxd4 Bxd4 30. Rxb4 1-0

[Event "WIM Hillerod 110 years 2020"]
[Site "Hillerod"]
[Date "2020.02.12"]
[Round "6.5"]
[White "Guindy, Esmat Susanne"]
[Black "Baliuniene, Margarita"]
[Result "0-1"]
[WhiteElo "2143"]
[BlackElo "1982"]
[PlyCount "202"]
[EventDate "2020.02.??"]
[EventType "tourn"]
[EventRounds "9"]
[EventCountry "DEN"]

1. c4 e6 2. g3 d5 3. Bg2 Nf6 4. d4 c5 5. Nf3 dxc4 6. O-O Nc6 7. dxc5 Bd7 8. Na3
c3 9. Nc4 Bxc5 10. Nd6+ Bxd6 11. Qxd6 Qe7 12. Qxe7+ Kxe7 13. bxc3 Rhd8 14. Rb1
b6 15. Ba3+ Ke8 16. Nd4 Nxd4 17. cxd4 Rac8 18. Rfc1 Rxc1+ 19. Rxc1 Rc8 20. Kf1
Rxc1+ 21. Bxc1 Bb5 22. Ke1 Kd7 23. e4 Bc4 24. a3 Kc6 25. h3 Kb5 26. Kd2 Ka4 27.
Kc3 b5 28. Bf3 Bb3 29. g4 a5 30. g5 Nd7 31. d5 exd5 32. exd5 b4+ 33. axb4 axb4+
34. Kd4 Kb5 35. Bg4 Nb6 36. Be2+ Bc4 37. Bf3 b3 38. Ke5 Na4 39. d6 Nc5 40. Kd4
Be6 41. Bd5 Bxd5 42. Kxd5 Nd7 43. Bb2 Nb6+ 44. Ke4 Kc6 45. Bxg7 Kxd6 46. Kd3
Na4 47. f4 Ke6 48. h4 Kf5 49. Be5 Kg4 50. h5 Kxh5 51. Bd4 Kg4 52. Be5 Kf5 53.
Kd2 Ke4 54. Bc7 Kd4 55. Be5+ Kc4 56. Bf6 Nc5 57. Be5 Ne6 58. Bb8 Nd4 59. Kc1
Nc6 60. Bd6 Nb4 61. Bc7 Nd3+ 62. Kd2 Kd4 63. Bd6 Ke4 64. Kc3 Nxf4 65. Kxb3 Ne6
66. Be7 Kf5 67. Kc3 Nxg5 68. Kd3 Kg4 69. Ke2 f5 70. Kf2 Ne4+ 71. Kg1 f4 72. Bd8
h5 73. Bb6 Kf3 74. Kh2 Kg4 75. Kg2 h4 76. Kh2 Ng5 77. Kg2 h3+ 78. Kh2 Nf3+ 79.
Kh1 Nd2 80. Kh2 Ne4 81. Bd4 f3 82. Kg1 Kf4 83. Bb6 Ng5 84. Bd8 Kg4 85. Bb6 Ne4
86. Bd4 Nd2 87. Bb6 Nc4 88. Bf2 Ne5 89. Bb6 Nf7 90. Bc7 Ng5 91. Bd8 Kf4 92.
Bc7+ Ke3 93. Kf1 Ne6 94. Bd6 Nf4 95. Bc5+ Ke4 96. Bg1 Kf5 97. Bh2 Kg4 98. Kg1
Nd3 99. Bc7 f2+ 100. Kf1 Kf3 101. Bd6 Nb2 0-1

[Event "WIM Hillerod 110 years 2020"]
[Site "Hillerod"]
[Date "2020.02.13"]
[Round "7.1"]
[White "Kejzar, Petra"]
[Black "Zaritovskaja, Margarita"]
[Result "1-0"]
[WhiteElo "2080"]
[BlackElo "2022"]
[PlyCount "55"]
[EventDate "2020.02.??"]
[EventType "tourn"]
[EventRounds "9"]
[EventCountry "DEN"]

1. d4 Nf6 2. Nc3 d5 3. Bf4 c6 4. e3 g6 5. h4 Bg7 6. Bd3 O-O 7. h5 Nxh5 8. Rxh5
gxh5 9. Qxh5 f5 10. Nf3 Qe8 11. Qh2 Nd7 12. O-O-O Nf6 13. Rh1 h5 14. Qg3 Ng4
15. Nh4 e5 16. dxe5 Bxe5 17. Ne2 Rf7 18. Kb1 c5 19. Bxe5 Qxe5 20. Nf4 Rg7 21.
Qf3 Nf6 22. Nxh5 Ne4 23. Bxe4 dxe4 24. Qd1 Be6 25. Nxg7 Kxg7 26. Qh5 Rh8 27.
Qxh8+ Kxh8 28. Ng6+ 1-0

[Event "WIM Hillerod 110 years 2020"]
[Site "Hillerod"]
[Date "2020.02.13"]
[Round "7.2"]
[White "Berke, Ana"]
[Black "Nastase, Andreea Cristina"]
[Result "0-1"]
[WhiteElo "2154"]
[BlackElo "2091"]
[PlyCount "124"]
[EventDate "2020.02.??"]
[EventType "tourn"]
[EventRounds "9"]
[EventCountry "DEN"]

1. e4 c5 2. Nf3 d6 3. d4 cxd4 4. Qxd4 Nc6 5. Bb5 Bd7 6. Bxc6 Bxc6 7. Nc3 Qb6 8.
Qxb6 axb6 9. Nd5 Ra4 10. Nd2 Nf6 11. b3 Ra7 12. c4 e6 13. Nxf6+ gxf6 14. Bb2
Rg8 15. Rg1 Rg6 16. a4 d5 17. exd5 exd5 18. O-O-O Bh6 19. Ba3 f5 20. Kb2 Re6
21. g4 fxg4 22. Rxg4 f5 23. Rg8+ Kf7 24. Rc8 Re2 25. Rc7+ Ke8 26. Kc3 Bxd2+ 27.
Rxd2 Rxd2 28. Kxd2 dxc4 29. bxc4 Rxa4 30. Bb2 Rxc4 31. Rxh7 Be4 32. Be5 b5 33.
Rc7 Bc6 34. f4 b4 35. h4 b3 36. Rg7 Rc2+ 37. Kd3 Be4+ 38. Ke3 b2 39. Bxb2 Rxb2
40. Kd4 Kf8 41. Rc7 Kg8 42. Ke5 Rb6 43. Rd7 Rh6 44. Rc7 Rxh4 45. Kf6 Rh6+ 46.
Ke5 Kf8 47. Rd7 Ke8 48. Rg7 Kd8 49. Rf7 Kc8 50. Rg7 Kb8 51. Rg1 Ka7 52. Ra1+
Ra6 53. Rd1 b5 54. Rd7+ Kb6 55. Kd4 Ra4+ 56. Kc3 Rc4+ 57. Kb3 Rc6 58. Kb4 Rc4+
59. Kb3 Bc6 60. Rd6 Rxf4 61. Rf6 Kc5 62. Kb2 Rf3 0-1

[Event "WIM Hillerod 110 years 2020"]
[Site "Hillerod"]
[Date "2020.02.13"]
[Round "7.3"]
[White "Nilssen, Ellen Fredericia"]
[Black "Stanford, Sheila Barth"]
[Result "1-0"]
[WhiteElo "2065"]
[BlackElo "2145"]
[PlyCount "53"]
[EventDate "2020.02.??"]
[EventType "tourn"]
[EventRounds "9"]
[EventCountry "DEN"]

1. d4 d5 2. c4 dxc4 3. e3 e5 4. Bxc4 exd4 5. exd4 Bd6 6. Nf3 Nf6 7. O-O O-O 8.
h3 h6 9. Nc3 Nc6 10. Re1 a6 11. Ne5 Bxe5 12. dxe5 Qxd1 13. Nxd1 Re8 14. Bf4 b5
15. Nc3 bxc4 16. exf6 Be6 17. fxg7 Kxg7 18. Bxc7 Ra7 19. Bf4 Rb7 20. Ne4 Rxb2
21. Re3 Rh8 22. Rd1 Bf5 23. Rd6 Rb1+ 24. Kh2 Rc8 25. Bxh6+ Kh7 26. Ng5+ Kg8 27.
Rxc6 1-0